[Event "Capablanca Memorial op-A 46th"]
[Site "Havana"]
[Date "2011.05.14"]
[Round "4"]
[White "Aguero Jimenez, Luis Lazaro"]
[Black "Cuenca Jimenez, Jose Fernando"]
[Result "1-0"]
[WhiteElo "2420"]
[BlackElo "2493"]
[PlyCount "155"]
[EventDate "2011.05.11"]
[EventType "swiss"]
[EventRounds "10"]
[EventCountry "CUB"]
[SourceTitle "CBM 142 Extra"]
[Source "ChessBase"]
[SourceDate "2011.06.27"]
[SourceVersion "1"]
[SourceVersionDate "2011.06.27"]
[SourceQuality "1"]

1. Nf3 Nf6 2. g3 g6 3. Bg2 Bg7 4. O-O O-O 5. d4 d6 6. Nc3 Nbd7 7. e4 e5 8. h3
c6 9. a4 Qc7 10. a5 Rb8 11. Be3 b5 12. axb6 axb6 13. d5 b5 14. Ra7 Rb7 15. Ra6
Nb8 16. dxc6 Nxc6 17. Qd2 Rb8 18. Ra2 b4 19. Nd5 Nxd5 20. exd5 Ne7 21. Ra7 Bb7
22. Nh4 Ra8 23. Rfa1 Rxa7 24. Rxa7 Ra8 25. Qxb4 Rxa7 26. Bxa7 Bxd5 27. Bb8 Qxc2
28. Bxd6 Bxg2 29. Nxg2 Nc6 30. Qb5 Qe4 31. Ne3 h5 32. Qd5 Qa4 33. Kg2 Nb4 34.
Bxb4 Qxb4 35. Nc4 Qe7 36. b3 h4 37. g4 Kh7 38. Qe4 Qg5 39. Nd6 f5 40. Qb7 Qd8
41. Qd5 Qd7 42. f3 Qc7 43. Qd3 Bf8 44. Nc4 e4 45. fxe4 fxe4 46. Qc3 Bh6 47. Qe5
Qb7 48. Nd6 Qxb3 49. Nxe4 Qc2+ 50. Nf2 Qc6+ 51. Qe4 Qxe4+ 52. Nxe4 g5 53. Kf3
Kg6 54. Nc5 Bf8 55. Nd7 Ba3 56. Ke4 Bb2 57. Kd5 Kf7 58. Nc5 Kf6 59. Ne4+ Kg6
60. Ke6 Bc1 61. Nd6 Bd2 62. Nf7 Bc1 63. Ne5+ Kg7 64. Kf5 Be3 65. Nf3 Kh6 66.
Kf6 Bc1 67. Ne5 Bb2 68. Kf5 Kg7 69. Nf3 Bf6 70. Nxg5 Be7 71. Ne4 Bb4 72. g5 Kf7
73. Nf2 Kg8 74. Nd3 Bd6 75. Ne1 Bg3 76. Nf3 Bf2 77. Kg4 Kh7 78. Nxh4 1-0

[Event "Capablanca Memorial op-A 46th"]
[Site "Havana"]
[Date "2011.05.15"]
[Round "5"]
[White "Cuenca Jimenez, Jose Fernando"]
[Black "Vega Chirino, Lemay"]
[Result "1-0"]
[WhiteElo "2493"]
[BlackElo "2356"]
[PlyCount "103"]
[EventDate "2011.05.11"]
[EventType "swiss"]
[EventRounds "10"]
[EventCountry "CUB"]
[SourceTitle "CBM 142 Extra"]
[Source "ChessBase"]
[SourceDate "2011.06.27"]
[SourceVersion "1"]
[SourceVersionDate "2011.06.27"]
[SourceQuality "1"]

1. Nf3 Nf6 2. c4 b6 3. g3 Bb7 4. Bg2 e6 5. O-O Be7 6. b3 O-O 7. Bb2 d5 8. e3 c5
9. Nc3 Nc6 10. cxd5 exd5 11. d4 Rc8 12. Re1 Re8 13. Ne2 Ba6 14. Nf4 c4 15. bxc4
Bxc4 16. a3 Bd6 17. Nd2 Na5 18. Nh5 b5 19. Nxf6+ Qxf6 20. Bc3 Qd8 21. Nxc4 dxc4
22. Qh5 Nb3 23. Qxb5 Nxa1 24. Rxa1 Qb6 25. a4 Rb8 26. Bc6 Rec8 27. d5 Qc5 28.
Qxc5 Bxc5 29. Rc1 Ba3 30. Rc2 Rb6 31. Bd4 Rb1+ 32. Kg2 Rc1 33. Rxc1 Bxc1 34.
Kf3 Ba3 35. Ke4 a5 36. Bc3 Bb4 37. Kd4 Rb8 38. Bb5 Bxc3+ 39. Kxc3 Kf8 40. Kxc4
Rb6 41. Kc5 Rf6 42. f4 Rh6 43. d6 Rxh2 44. Kb6 Rd2 45. d7 Ke7 46. Kxa5 Rd6 47.
Kb4 g5 48. a5 gxf4 49. exf4 Kd8 50. a6 Kc7 51. a7 Kb7 52. Kc5 1-0

[Event "Capablanca Memorial op-A 46th"]
[Site "Havana"]
[Date "2011.05.17"]
[Round "6"]
[White "Garrido Dominguez, Jesus"]
[Black "Cuenca Jimenez, Jose Fernando"]
[Result "1/2-1/2"]
[WhiteElo "2417"]
[BlackElo "2493"]
[PlyCount "61"]
[EventDate "2011.05.11"]
[EventType "swiss"]
[EventRounds "10"]
[EventCountry "CUB"]
[SourceTitle "CBM 142 Extra"]
[Source "ChessBase"]
[SourceDate "2011.06.27"]
[SourceVersion "1"]
[SourceVersionDate "2011.06.27"]
[SourceQuality "1"]

1. e4 c5 2. Nf3 Nc6 3. d4 cxd4 4. Nxd4 Nf6 5. Nc3 e5 6. Ndb5 d6 7. Bg5 a6 8.
Na3 b5 9. Bxf6 gxf6 10. Nd5 Bg7 11. g3 f5 12. Bg2 fxe4 13. Bxe4 Be6 14. Qh5 Rc8
15. O-O Ne7 16. Nxe7 Qxe7 17. Rad1 Rc5 18. b4 Rc3 19. Nb1 Rc4 20. Nd2 Rxb4 21.
c3 Ra4 22. Bc6+ Bd7 23. Ne4 O-O 24. Bxd7 Qxd7 25. Nc5 Qg4 26. Qxg4 Rxg4 27.
Rxd6 Rc4 28. Nxa6 Rxc3 29. Rb1 Ra3 30. Rxb5 Rxa2 31. Nc7 1/2-1/2

[Event "Capablanca Memorial op-A 46th"]
[Site "Havana"]
[Date "2011.05.18"]
[Round "7"]
[White "Cuenca Jimenez, Jose Fernando"]
[Black "Ostos, Julio"]
[Result "1-0"]
[WhiteElo "2493"]
[BlackElo "2310"]
[PlyCount "71"]
[EventDate "2011.05.11"]
[EventType "swiss"]
[EventRounds "10"]
[EventCountry "CUB"]
[SourceTitle "CBM 142 Extra"]
[Source "ChessBase"]
[SourceDate "2011.06.27"]
[SourceVersion "1"]
[SourceVersionDate "2011.06.27"]
[SourceQuality "1"]

1. Nf3 Nf6 2. c4 g6 3. Nc3 Bg7 4. g3 O-O 5. Bg2 c5 6. d4 cxd4 7. Nxd4 Nc6 8.
O-O Ng4 9. e3 d6 10. Nde2 Qa5 11. Nd5 Qc5 12. Bd2 a5 13. Nec3 Nge5 14. b3 Bg4
15. f3 Bd7 16. Kh1 h5 17. Qe2 e6 18. Ne4 Qa7 19. Ndf6+ Kh8 20. f4 Ng4 21. Nxd7
Rfd8 22. h3 Nh6 23. Nef6 Ng8 24. Bc3 Rxd7 25. Nxd7 Bxc3 26. Rac1 Bg7 27. Rcd1
Nge7 28. g4 hxg4 29. hxg4 b5 30. cxb5 Qxd7 31. bxc6 Nxc6 32. Rc1 d5 33. Qb5 Ne5
34. Qxd7 Nxd7 35. Rc7 Nf6 36. g5 1-0

[Event "Capablanca Memorial op-A 46th"]
[Site "Havana"]
[Date "2011.05.19"]
[Round "8"]
[White "Otero Acosta, Diasmany"]
[Black "Cuenca Jimenez, Jose Fernando"]
[Result "1/2-1/2"]
[WhiteElo "2440"]
[BlackElo "2493"]
[PlyCount "144"]
[EventDate "2011.05.11"]
[EventType "swiss"]
[EventRounds "10"]
[EventCountry "CUB"]
[SourceTitle "CBM 142 Extra"]
[Source "ChessBase"]
[SourceDate "2011.06.27"]
[SourceVersion "1"]
[SourceVersionDate "2011.06.27"]
[SourceQuality "1"]

1. d4 d6 2. c4 Nf6 3. Nc3 e5 4. Nf3 e4 5. Nd2 Bf5 6. e3 c6 7. b4 d5 8. Qb3 Be7
9. a4 O-O 10. Ba3 h5 11. h3 h4 12. b5 Bxa3 13. Qxa3 Nbd7 14. a5 a6 15. bxc6
bxc6 16. Qd6 Qb8 17. Qxb8 Rfxb8 18. c5 Ne8 19. Na4 Nc7 20. Nb6 Ra7 21. Nb3 Nf8
22. Nc1 Ng6 23. Na2 Ne7 24. Nb4 g6 25. f3 Kg7 26. Be2 Rd8 27. Kd2 Rb8 28. Raf1
Rd8 29. Rf2 Nb5 30. Rhf1 exf3 31. Rxf3 Be6 32. Rf6 Nc7 33. Bg4 Ne8 34. Rxe6
fxe6 35. Bxe6 Nf6 36. Kd3 Rf8 37. Rf3 Rc7 38. Ke2 Ne4 39. Rxf8 Kxf8 40. Bd7 Nf6
41. Nxa6 Rxd7 42. Nxd7+ Nxd7 43. Nb4 Nb8 44. a6 Nc8 45. Kf3 Kf7 46. Kg4 Na7 47.
Kxh4 Kf6 48. Kg4 Nd7 49. e4 dxe4 50. Kf4 g5+ 51. Kxe4 Ke6 52. g3 Nf6+ 53. Ke3
Kf5 54. Kf3 Ke6 55. h4 gxh4 56. gxh4 Kf5 57. Ke3 Ng4+ 58. Kd3 Nf6 59. Kc4 Ke4
60. Na2 Kf4 61. Nc3 Nd7 62. Kb4 Ke3 63. h5 Kxd4 64. h6 Nf8 65. Ne2+ Ke5 66. Ka5
Nc8 67. Ng3 Kf4 68. Nh5+ Kg5 69. Ng7 Kg6 70. Ne8 Nd7 71. Nd6 Nxc5 72. Nxc8 Nxa6
1/2-1/2

[Event "Capablanca Memorial op-A 46th"]
[Site "Havana"]
[Date "2011.05.20"]
[Round "9"]
[White "Cuenca Jimenez, Jose Fernando"]
[Black "Guerra Mojena, Leandro"]
[Result "0-1"]
[WhiteElo "2493"]
[BlackElo "2337"]
[PlyCount "62"]
[EventDate "2011.05.11"]
[EventType "swiss"]
[EventRounds "10"]
[EventCountry "CUB"]
[SourceTitle "CBM 142 Extra"]
[Source "ChessBase"]
[SourceDate "2011.06.27"]
[SourceVersion "1"]
[SourceVersionDate "2011.06.27"]
[SourceQuality "1"]

1. Nf3 Nf6 2. c4 g6 3. Nc3 d5 4. Qa4+ Bd7 5. Qb3 dxc4 6. Qxc4 Bg7 7. e4 c6 8.
e5 b5 9. Qb3 Ng4 10. d4 a5 11. Ng5 O-O 12. a4 h6 13. Nf3 c5 14. axb5 cxd4 15.
Na4 Be6 16. Bc4 Bxc4 17. Qxc4 Nd7 18. e6 Nde5 19. Nxe5 Nxe5 20. Qb3 d3 21. Bd2
Qd6 22. exf7+ Rxf7 23. h3 g5 24. Rc1 Kh8 25. O-O g4 26. Bc3 Raf8 27. Bxe5 Bxe5
28. Rc6 Rxf2 29. Rxf2 Qd4 30. Rxh6+ Kg7 31. Rg6+ Kh7 0-1

[Event "Montcada op 19th"]
[Site "Montcada"]
[Date "2011.06.26"]
[Round "2"]
[White "Mestre Bellido, Hector"]
[Black "Cuenca Jimenez, Jose Fernando"]
[Result "0-1"]
[WhiteElo "2379"]
[BlackElo "2493"]
[PlyCount "89"]
[EventDate "2011.06.25"]
[EventType "swiss"]
[EventRounds "9"]
[EventCountry "ESP"]
[SourceTitle "CBM 143 Extra"]
[Source "ChessBase"]
[SourceDate "2011.08.29"]
[SourceVersion "1"]
[SourceVersionDate "2011.08.29"]
[SourceQuality "1"]

1. e4 c5 2. Nf3 Nc6 3. d4 cxd4 4. Nxd4 Nf6 5. Nc3 e5 6. Ndb5 d6 7. Bg5 a6 8.
Na3 b5 9. Nd5 Be7 10. Bxf6 Bxf6 11. c4 b4 12. Nc2 O-O 13. g3 Bg5 14. Bg2 Qa5
15. O-O Qc5 16. b3 a5 17. Qh5 f6 18. Qe2 Ra7 19. Kh1 f5 20. f4 exf4 21. gxf4
Bh6 22. Rad1 Kh8 23. Nce3 Raf7 24. exf5 Nd4 25. Qb2 Nxf5 26. Ng4 Ng3+ 27. hxg3
Bxg4 28. Rde1 Bc8 29. Re2 Bg5 30. Be4 Bf6 31. Qc2 g6 32. Rh2 Kg7 33. f5 g5 34.
Qe2 Bd4 35. Bb1 Bb7 36. Rd1 Bxd5+ 37. cxd5 Qc3 38. Rd3 Qa1 39. Rd1 Re7 40. Qh5
Kg8 41. Re2 Re5 42. Rde1 Qc3 43. Rxe5 dxe5 44. Rd1 Qxg3 45. Be4 0-1

[Event "Montcada op 19th"]
[Site "Montcada"]
[Date "2011.06.27"]
[Round "3"]
[White "Cuenca Jimenez, Jose Fernando"]
[Black "Hernando Rodrigo, Jose Maria"]
[Result "1-0"]
[WhiteElo "2493"]
[BlackElo "2302"]
[PlyCount "51"]
[EventDate "2011.06.25"]
[EventType "swiss"]
[EventRounds "9"]
[EventCountry "ESP"]
[SourceTitle "CBM 143 Extra"]
[Source "ChessBase"]
[SourceDate "2011.08.29"]
[SourceVersion "1"]
[SourceVersionDate "2011.08.29"]
[SourceQuality "1"]

1. e4 g6 2. d4 Bg7 3. Nc3 d6 4. Nge2 Nf6 5. g3 O-O 6. Bg2 e5 7. O-O c6 8. a4
Nbd7 9. h3 exd4 10. Nxd4 Nc5 11. a5 Re8 12. Re1 d5 13. exd5 Rxe1+ 14. Qxe1 Nxd5
15. Nxd5 cxd5 16. Be3 Ne6 17. Rd1 Qc7 18. Nb5 Qxc2 19. Bxd5 Qxb2 20. Nxa7 Bd7
21. a6 Bc6 22. Nxc6 bxc6 23. Bxe6 fxe6 24. a7 Qa2 25. Qb4 Rf8 26. Qxf8+ 1-0

[Event "Montcada op 19th"]
[Site "Montcada"]
[Date "2011.06.28"]
[Round "4"]
[White "Cruz, Cristhian"]
[Black "Cuenca Jimenez, Jose Fernando"]
[Result "1-0"]
[WhiteElo "2477"]
[BlackElo "2493"]
[PlyCount "93"]
[EventDate "2011.06.25"]
[EventType "swiss"]
[EventRounds "9"]
[EventCountry "ESP"]
[SourceTitle "CBM 143 Extra"]
[Source "ChessBase"]
[SourceDate "2011.08.29"]
[SourceVersion "1"]
[SourceVersionDate "2011.08.29"]
[SourceQuality "1"]

1. d4 Nf6 2. c4 c5 3. d5 b5 4. Qc2 e6 5. e4 bxc4 6. Bxc4 exd5 7. exd5 Be7 8. b3
O-O 9. Bb2 d6 10. Ne2 Nbd7 11. O-O Nb6 12. Nbc3 Nxc4 13. bxc4 Rb8 14. Ng3 Rb4
15. Nd1 Re8 16. h3 Bf8 17. Ne3 g6 18. Bc3 Rb7 19. Rab1 Rxb1 20. Rxb1 h5 21. Qb2
Nd7 22. Qa3 Qg5 23. Ba1 Ne5 24. Bxe5 Rxe5 25. Rb8 h4 26. Ngf1 Bxh3 27. Kh2 Bf5
28. Qxa7 Bd3 29. Qa8 Qe7 30. Ng4 Bxf1 31. Re8 Kg7 32. Rxe7 Rxe7 33. Ne3 Be2 34.
a4 f5 35. a5 f4 36. Nc2 Bxc4 37. a6 Kf7 38. a7 Bg7 39. f3 g5 40. Na3 Ba2 41.
Nb5 Be5 42. Qc6 g4 43. a8=Q g3+ 44. Kh3 Bb1 45. Nxd6+ Kg7 46. Qab7 Bxd6 47.
Qxb1 1-0

[Event "Montcada op 19th"]
[Site "Montcada"]
[Date "2011.06.29"]
[Round "5"]
[White "Cuenca Jimenez, Jose Fernando"]
[Black "Cornette, Matthieu"]
[Result "0-1"]
[WhiteElo "2493"]
[BlackElo "2562"]
[PlyCount "54"]
[EventDate "2011.06.25"]
[EventType "swiss"]
[EventRounds "9"]
[EventCountry "ESP"]
[SourceTitle "CBM 143 Extra"]
[Source "ChessBase"]
[SourceDate "2011.08.29"]
[SourceVersion "1"]
[SourceVersionDate "2011.08.29"]
[SourceQuality "1"]

1. Nf3 Nf6 2. c4 g6 3. Nc3 d5 4. Qa4+ Bd7 5. Qb3 dxc4 6. Qxc4 a6 7. e4 b5 8.
Qe2 c5 9. e5 Nh5 10. Ne4 Nc6 11. Nxc5 Bf5 12. d3 e6 13. Ne4 Nb4 14. Bg5 Qa5 15.
Kd1 Rc8 16. Bd2 Qa4+ 17. b3 Qa3 18. Bc1 Rxc1+ 19. Rxc1 Bh6 20. Rc2 O-O 21. g3
Bxe4 22. dxe4 Rd8+ 23. Ke1 Qa5 24. Rd2 Bxd2+ 25. Nxd2 Nc2+ 26. Kd1 Qxa2 27. Kc1
Nb4 0-1

[Event "Montcada op 19th"]
[Site "Montcada"]
[Date "2011.06.30"]
[Round "6"]
[White "Martinez Ramirez, Erik"]
[Black "Cuenca Jimenez, Jose Fernando"]
[Result "1/2-1/2"]
[WhiteElo "2206"]
[BlackElo "2493"]
[PlyCount "33"]
[EventDate "2011.06.25"]
[EventType "swiss"]
[EventRounds "9"]
[EventCountry "ESP"]
[SourceTitle "CBM 143 Extra"]
[Source "ChessBase"]
[SourceDate "2011.08.29"]
[SourceVersion "1"]
[SourceVersionDate "2011.08.29"]
[SourceQuality "1"]

1. e4 d6 2. d4 Nf6 3. Nc3 e5 4. dxe5 dxe5 5. Qxd8+ Kxd8 6. Bc4 Bb4 7. Bxf7 Rf8
8. Bb3 Nxe4 9. Nge2 Nxf2 10. Rf1 Ng4 11. Bg5+ Ke8 12. O-O-O Rxf1 13. Rxf1 h6
14. Nd5 Bd6 15. Be7 Bxe7 16. Nxc7+ Kd8 17. Nxa8 1/2-1/2

[Event "Montcada op 19th"]
[Site "Montcada"]
[Date "2011.07.02"]
[Round "8"]
[White "Cuenca Jimenez, Jose Fernando"]
[Black "Munoz Pantoja, Miguel Angel"]
[Result "1-0"]
[WhiteElo "2493"]
[BlackElo "2498"]
[PlyCount "83"]
[EventDate "2011.06.25"]
[EventType "swiss"]
[EventRounds "9"]
[EventCountry "ESP"]
[SourceTitle "CBM 143 Extra"]
[Source "ChessBase"]
[SourceDate "2011.08.29"]
[SourceVersion "1"]
[SourceVersionDate "2011.08.29"]
[SourceQuality "1"]

1. Nf3 c5 2. c4 Nc6 3. d4 Nf6 4. Nc3 g6 5. g3 Bg7 6. Bg2 O-O 7. O-O d6 8. dxc5
dxc5 9. Be3 Qa5 10. Qb3 Ng4 11. Bf4 e5 12. Bd2 Nd4 13. Nxd4 cxd4 14. Ne4 Qc7
15. Rac1 Nf6 16. Nxf6+ Bxf6 17. c5 Re8 18. e3 e4 19. exd4 Bxd4 20. Qb4 Qe5 21.
Rc4 Rd8 22. Bf4 Qf6 23. Bc7 Be6 24. Bxd8 Rxd8 25. Rc2 Bd5 26. Rd1 Bc6 27. Qe1
Qe5 28. Kh1 f5 29. Qe2 Kg7 30. Qc4 a6 31. a4 Be8 32. Rcd2 Bf7 33. Qc2 Rd5 34.
b4 a5 35. bxa5 Rxc5 36. Qb1 Rc4 37. Qxb7 Rxa4 38. a6 h5 39. Qd7 e3 40. fxe3
Bxe3 41. Qxa4 Bxd2 42. a7 1-0

[Event "Montcada op 19th"]
[Site "Montcada"]
[Date "2011.07.03"]
[Round "9"]
[White "Stopa, Jacek"]
[Black "Cuenca Jimenez, Jose Fernando"]
[Result "0-1"]
[WhiteElo "2460"]
[BlackElo "2493"]
[PlyCount "96"]
[EventDate "2011.06.25"]
[EventType "swiss"]
[EventRounds "9"]
[EventCountry "ESP"]
[SourceTitle "CBM 143 Extra"]
[Source "ChessBase"]
[SourceDate "2011.08.29"]
[SourceVersion "1"]
[SourceVersionDate "2011.08.29"]
[SourceQuality "1"]

1. e4 d6 2. d4 Nf6 3. Nc3 e5 4. dxe5 dxe5 5. Qxd8+ Kxd8 6. Nf3 Bd6 7. Bg5 Nbd7
8. Bc4 Ke8 9. O-O-O a6 10. Nh4 b5 11. Bb3 h6 12. Bxf6 Nxf6 13. Nf5 Bxf5 14.
exf5 b4 15. Na4 Ke7 16. Rhe1 Rhe8 17. Nc5 a5 18. Ba4 Red8 19. Nd3 e4 20. f3
Bxh2 21. fxe4 Ng4 22. e5 Nxe5 23. Rxe5+ Bxe5 24. Nxe5 Rxd1+ 25. Kxd1 Kf6 26.
Nc4 Kxf5 27. Ke2 Kf4 28. Kf2 h5 29. g3+ Kg5 30. Ne5 Kf6 31. Nc4 g5 32. Bc6 Rd8
33. Kf3 g4+ 34. Ke3 Rd1 35. Nxa5 Kg5 36. Nc4 f5 37. Ne5 Re1+ 38. Kd4 Rg1 39.
Nd3 Rxg3 40. Nxb4 Rg1 41. a4 Ra1 42. Nd3 h4 43. Ke3 h3 44. Nf2 f4+ 45. Ke2 h2
46. b4 f3+ 47. Bxf3 gxf3+ 48. Kxf3 Rf1 0-1

[Event "Sabadell op 4th"]
[Site "Sabadell"]
[Date "2011.08.10"]
[Round "1"]
[White "Cuenca Jimenez, Jose Fernando"]
[Black "Erlandsen, Carsten"]
[Result "1-0"]
[WhiteElo "2480"]
[BlackElo "2090"]
[PlyCount "63"]
[EventDate "2011.08.10"]
[EventType "swiss"]
[EventRounds "9"]
[EventCountry "ESP"]
[SourceTitle "CBM 144 Extra"]
[Source "ChessBase"]
[SourceDate "2011.10.28"]
[SourceVersion "1"]
[SourceVersionDate "2011.10.28"]
[SourceQuality "1"]

1. Nf3 Nf6 2. c4 c5 3. Nc3 Nc6 4. d4 cxd4 5. Nxd4 e6 6. a3 d5 7. cxd5 Nxd5 8.
Nxc6 bxc6 9. Qc2 Bb7 10. e4 Nxc3 11. Qxc3 a5 12. Be3 a4 13. Be2 Qa5 14. Rc1 Bd6
15. Qxa5 Rxa5 16. O-O Ke7 17. Rfd1 Rc8 18. Rd2 Bc7 19. Rcd1 c5 20. Rd7+ Ke8 21.
Bh5 g6 22. Bg5 Raa8 23. Re7+ Kf8 24. Rdd7 Be5 25. Rxf7+ Kg8 26. Bg4 Bc6 27.
Rde7 Re8 28. Bxe6 Rxe7 29. Rxe7+ Kh8 30. Bd5 Bxd5 31. exd5 Bxb2 32. d6 1-0

[Event "Sabadell op 4th"]
[Site "Sabadell"]
[Date "2011.08.11"]
[Round "2"]
[White "Jareno Badenas, Aleix"]
[Black "Cuenca Jimenez, Jose Fernando"]
[Result "0-1"]
[WhiteElo "2026"]
[BlackElo "2480"]
[PlyCount "84"]
[EventDate "2011.08.10"]
[EventType "swiss"]
[EventRounds "9"]
[EventCountry "ESP"]
[SourceTitle "CBM 144 Extra"]
[Source "ChessBase"]
[SourceDate "2011.10.28"]
[SourceVersion "1"]
[SourceVersionDate "2011.10.28"]
[SourceQuality "1"]

1. e4 e5 2. Nf3 Nc6 3. d4 exd4 4. Nxd4 Bb4+ 5. c3 Bc5 6. Be3 Bb6 7. Nf5 Bxe3 8.
Nxe3 Nge7 9. Nd2 O-O 10. Bd3 d6 11. Qe2 Kh8 12. O-O-O f5 13. g4 fxg4 14. Rdg1
Ne5 15. Bc2 N7g6 16. Nf5 Nf4 17. Qe3 Nh3 18. Rg2 g6 19. Nd4 c5 20. N4b3 Be6 21.
Bd1 Nf4 22. Rg3 Nfd3+ 23. Kc2 Nxf2 24. Rhg1 Nxd1 25. Kxd1 Qh4 26. R1g2 b6 27.
Nc1 Rad8 28. Kc2 Kg8 29. b3 Rf7 30. Nd3 Rdf8 31. Nxe5 dxe5 32. a4 Rf4 33. c4
Qf6 34. Qc3 Rd8 35. Re3 Rd4 36. Ree2 a5 37. Qg3 h5 38. Qe3 Bd7 39. Qc3 Bc6 40.
Qe3 Kg7 41. Rg3 Bxe4+ 42. Nxe4 Qf5 0-1

[Event "Sabadell op 4th"]
[Site "Sabadell"]
[Date "2011.08.12"]
[Round "3"]
[White "Cuenca Jimenez, Jose Fernando"]
[Black "Cordova, Emilio"]
[Result "0-1"]
[WhiteElo "2480"]
[BlackElo "2567"]
[PlyCount "109"]
[EventDate "2011.08.10"]
[EventType "swiss"]
[EventRounds "9"]
[EventCountry "ESP"]
[SourceTitle "CBM 144 Extra"]
[Source "ChessBase"]
[SourceDate "2011.10.28"]
[SourceVersion "1"]
[SourceVersionDate "2011.10.28"]
[SourceQuality "1"]

1. Nf3 c5 2. c4 b6 3. g3 Bb7 4. Bg2 e6 5. O-O Nf6 6. Nc3 d6 7. b3 a6 8. d4 cxd4
9. Qxd4 Nbd7 10. Rd1 Be7 11. Bb2 O-O 12. Ng5 Bxg2 13. Kxg2 Ne8 14. Nge4 Rc8 15.
Rac1 Qc7 16. f3 Qb7 17. Ba3 Rc6 18. Bb4 f5 19. Nf2 Nc7 20. Qe3 h6 21. Kg1 Re8
22. Rc2 Ne5 23. Rcd2 Nf7 24. Nd3 Bg5 25. f4 Bf6 26. Nf2 d5 27. Qf3 a5 28. Ba3
Bxc3 29. Qxc3 Nb5 30. Qb2 dxc4 31. bxc4 Nxa3 32. Qxa3 Rxc4 33. Qe3 Qc6 34. Rd7
Rc3 35. Qd4 Rc2 36. Rd2 Rc4 37. Qd3 b5 38. Qf3 Qxf3 39. exf3 Rcc8 40. Rb7 Rb8
41. Ra7 Ra8 42. Rb7 Reb8 43. Re7 Rd8 44. Re2 Ra6 45. Rc2 Rad6 46. Rcc7 Rf8 47.
Kf1 Rdd8 48. Ra7 a4 49. Rab7 Rd2 50. a3 b4 51. Rxb4 Rc8 52. Rbb7 Rc1+ 53. Kg2
Rcc2 54. Kf1 Rxf2+ 55. Ke1 0-1

[Event "Sabadell op 4th"]
[Site "Sabadell"]
[Date "2011.08.15"]
[Round "5"]
[White "Cuenca Jimenez, Jose Fernando"]
[Black "Gonzalez Vidal, Yuri"]
[Result "0-1"]
[WhiteElo "2480"]
[BlackElo "2503"]
[PlyCount "164"]
[EventDate "2011.08.10"]
[EventType "swiss"]
[EventRounds "9"]
[EventCountry "ESP"]
[SourceTitle "CBM 144 Extra"]
[Source "ChessBase"]
[SourceDate "2011.10.28"]
[SourceVersion "1"]
[SourceVersionDate "2011.10.28"]
[SourceQuality "1"]

1. Nf3 c5 2. c4 Nc6 3. d4 cxd4 4. Nxd4 Nf6 5. Nc3 e6 6. a3 Be7 7. e4 O-O 8. Nf3
d6 9. Be2 b6 10. O-O Bb7 11. Bf4 Ng4 12. Qc2 Nge5 13. Rfd1 Qb8 14. b4 Rc8 15.
Qb3 Nxf3+ 16. Bxf3 Ne5 17. Be2 a6 18. Be3 Qc7 19. Na4 Nd7 20. f3 Bc6 21. Rac1
Qb8 22. b5 Bb7 23. Nxb6 Nxb6 24. Bxb6 d5 25. c5 axb5 26. Bxb5 dxe4 27. Rd7 Bg5
28. Re1 exf3 29. gxf3 Bd5 30. Rxd5 exd5 31. Qxd5 Qf4 32. a4 h6 33. Re4 Qc1+ 34.
Kg2 Be3 35. Re7 Rf8 36. Kh3 Rac8 37. Bc4 Qg1 38. Rxf7 Kh8 39. Qf5 Rxf7 40.
Qxc8+ Kh7 41. Bxf7 Qf1+ 42. Kg3 Qf2+ 43. Kg4 Qg2+ 44. Kf5 Qh3+ 45. Ke4 Qxc8 46.
Kxe3 Qf5 47. Bc4 Qe5+ 48. Kd3 Qxh2 49. a5 Qh1 50. Bd5 Qd1+ 51. Ke4 Qe2+ 52. Kd4
Qb2+ 53. Ke4 Qe2+ 54. Kf5 Qe7 55. c6 g6+ 56. Kf4 Qf6+ 57. Ke4 Qe7+ 58. Kd4 Qb4+
59. Ke5 Qc3+ 60. Ke6 h5 61. c7 h4 62. Kd7 Qd3 63. Kc6 Qf5 64. Be4 Qc8 65. Kb5
h3 66. a6 h2 67. f4 Qe8+ 68. Bc6 Qxc6+ 69. Kxc6 h1=Q+ 70. Kd7 Qh3+ 71. Kd8 Qd3+
72. Ke7 Qxa6 73. Kd7 Qb5+ 74. Ke7 Qa6 75. Kd7 Qb5+ 76. Ke7 Qc6 77. Ba5 Kh6 78.
Kd8 Qd6+ 79. Ke8 Qa6 80. Bb6 Qc8+ 81. Ke7 Kh5 82. Kd6 Qg4 0-1

[Event "Sabadell op 4th"]
[Site "Sabadell"]
[Date "2011.08.15"]
[Round "6"]
[White "Cuenca Jimenez, Jose Fernando"]
[Black "Perpinya Rofes, Lluis Maria"]
[Result "1-0"]
[WhiteElo "2480"]
[BlackElo "2395"]
[PlyCount "85"]
[EventDate "2011.08.10"]
[EventType "swiss"]
[EventRounds "9"]
[EventCountry "ESP"]
[SourceTitle "CBM 144 Extra"]
[Source "ChessBase"]
[SourceDate "2011.10.28"]
[SourceVersion "1"]
[SourceVersionDate "2011.10.28"]
[SourceQuality "1"]

1. c4 g6 2. Nc3 Bg7 3. d4 Nf6 4. e4 d6 5. Nf3 O-O 6. Be2 Na6 7. O-O e5 8. Be3
c6 9. d5 Ng4 10. Bg5 f6 11. Bh4 c5 12. a3 g5 13. Bg3 Nh6 14. Ne1 f5 15. exf5
Nxf5 16. Nd3 Nc7 17. Ne4 b5 18. cxb5 Nxd5 19. Nb4 Nxb4 20. axb4 d5 21. Nxc5 Nd4
22. Bg4 Qb6 23. Bxc8 Rfxc8 24. Qg4 Qxb5 25. Qxg5 Rc6 26. Kh1 Rg6 27. Qd2 Rd8
28. Rfe1 Nc6 29. Nd3 Re6 30. Bh4 Rdd6 31. Rac1 Bh6 32. Bg5 Bxg5 33. Qxg5+ Rg6
34. Qe3 d4 35. Qe4 Qd5 36. Rc5 Qxe4 37. Rxe4 Rge6 38. b5 Na5 39. Rcxe5 Rxe5 40.
Rxe5 Nc4 41. Rg5+ Kf8 42. g3 Nb6 43. Kg2 1-0

[Event "Sabadell op 4th"]
[Site "Sabadell"]
[Date "2011.08.16"]
[Round "7"]
[White "Alonso Moyano, Jonathan"]
[Black "Cuenca Jimenez, Jose Fernando"]
[Result "1-0"]
[WhiteElo "2426"]
[BlackElo "2480"]
[PlyCount "119"]
[EventDate "2011.08.10"]
[EventType "swiss"]
[EventRounds "9"]
[EventCountry "ESP"]
[SourceTitle "CBM 144 Extra"]
[Source "ChessBase"]
[SourceDate "2011.10.28"]
[SourceVersion "1"]
[SourceVersionDate "2011.10.28"]
[SourceQuality "1"]

1. e4 d6 2. Nc3 Nf6 3. g3 e5 4. Bg2 Be7 5. Nge2 O-O 6. O-O c6 7. d4 a5 8. a4
Na6 9. h3 Nb4 10. f4 Re8 11. Be3 exd4 12. Bxd4 Bf8 13. g4 d5 14. e5 Nd7 15. Kh1
Bc5 16. Bxc5 Nxc5 17. Nd4 f6 18. exf6 Qxf6 19. Qd2 Nbd3 20. Nb3 Nxb3 21. cxb3
Nb4 22. f5 Qh4 23. Ne2 Bd7 24. Nf4 Rf8 25. Rf2 Rae8 26. Raf1 Rf7 27. Qd4 Bc8
28. Kg1 Qf6 29. Qxf6 gxf6 30. h4 Re5 31. Bh3 Rf8 32. Kh2 d4 33. g5 Nd5 34. Ne6
Bxe6 35. fxe6 Kg7 36. Bg2 Rxe6 37. Bxd5 cxd5 38. Rf5 Re4 39. Kh3 Re3+ 40. Kg4
Rxb3 41. gxf6+ Kf7 42. Rxd5 Ke6 43. Rdf5 h5+ 44. Kxh5 Rxb2 45. Kg6 d3 46. f7
Re2 47. R5f2 Re4 48. h5 Rg4+ 49. Kh7 Rg3 50. Re1+ Kd7 51. h6 b6 52. Rb1 Ke7 53.
Re1+ Kd7 54. Rc1 Ke7 55. Rc7+ Kd6 56. Rb7 Ke6 57. Rxb6+ Ke7 58. Rg6 Re3 59. Rg7
Re2 60. Rfg2 1-0